[Event "Montebelluna Elite 2020"]
[Site "Montebelluna"]
[Date "2020.01.04"]
[Round "5.2"]
[White "Erigaisi Arjun"]
[Black "Gaehwiler, Gabriel"]
[Result "1-0"]
[WhiteElo "2575"]
[BlackElo "2394"]
[Annotator "TA"]
[PlyCount "77"]
[EventDate "2020.01.02"]
[EventType "swiss"]
[EventCountry "ITA"]
[SourceTitle "playchess.com"]
[Source "ChessBase"]
[SourceQuality "1"]

{[%evp 14,77,0,0,4,0,20,8,0,6,8,-21,-2,-25,0,0,0,-32,0,0,0,-10,48,-5,0,8,0,0,12,0,0,-1,2,18,41,49,131,127,130,41,33,32,65,34,48,0,0,0,0,0,43,36,162,150,157,157,157,157,157,157,157,157,192,183,179,165]} 1. e4 e5 2. Nf3 Nf6 3. d4 Nxe4 4. Bd3 d5 5. Nxe5 Nd7 6. Nc3 Nxe5 7. dxe5 Nxc3 8. bxc3 Bc5 {C43: Petroff Defence: 3 d4} 9. Qh5 c6 10. Rb1 b6 $146 {The position is equal.} ({Predecessor:} 10... Qe7 11. O-O Be6 12. Bg5 Qd7 13. Kh1 b6 14. Rbe1 Be7 15. Qh4 Bxg5 16. Qxg5 {½-½ (58) Landa,K (2669)-Mirzoev,A (2551) Burguillos 2007}) 11. O-O Be6 12. c4 dxc4 13. Be4 $1 {[%cal Re4c6]} Qc7 14. Bg5 h6 15. Rbe1 Rg8 16. Qf3 Rc8 17. Bh4 Be7 (17... g5 $11 18. Bg3 Qe7) 18. Bg3 (18. Bxe7 $14 Kxe7 19. Qg3) 18... Rd8 19. Bxc6+ Kf8 20. Bf4 g5 21. Bc1 Kg7 22. Be4 c3 23. Re3 Rd4 24. Rxc3 Qxc3 ({Black should play} 24... Qxe5 $14 25. Re3 g4) 25. Qxc3 $16 Rxe4 26. f4 (26. Qc7 $16 Bc5 27. Qxa7) 26... Rc8 $14 27. Qf3 Rcc4 28. fxg5 hxg5 29. h3 g4 30. Qd3 Red4 31. Qe2 Re4 32. Qd2 {Hoping for Qh6+.} Re3 ({Better is} 32... Kg8 $14) 33. Kh1 $18 {White is clearly better.} ({Weaker is} 33. Qxe3 Bc5 $15) 33... Rce4 34. Qxe3 Rxe3 35. Bxe3 gxh3 36. gxh3 Bxh3 37. Rf4 Bd7 {intending ...Bg5.} 38. Rc4 {[#] Threatens to win with Rc7.} Be6 39. Ra4 {Accuracy: White = 57%, Black = 40%.} 1-0

[Event "Montebelluna Elite 2020"]
[Site "Montebelluna"]
[Date "2020.01.04"]
[Round "5.3"]
[White "Ter-Sahakyan, Samvel"]
[Black "Sumets, Andrey"]
[Result "1/2-1/2"]
[WhiteElo "2617"]
[BlackElo "2566"]
[Annotator "TA"]
[PlyCount "41"]
[EventDate "2020.01.02"]
[EventType "swiss"]
[EventCountry "ITA"]
[SourceTitle "playchess.com"]
[Source "ChessBase"]
[SourceQuality "1"]

{[%evp 16,41,20,0,0,0,0,0,1,0,25,17,32,31,32,-6,18,-48,0,-45,-50,-29,-31,-48,-22,-36,-37,-33]} 1. e4 e6 2. d4 d5 3. Nc3 Nf6 4. e5 Nfd7 5. f4 c5 6. Nf3 Nc6 7. Be3 a6 8. Qd2 b5 {[%cal Bb7b5,Bb5b4][%mdl 32]} 9. Bd3 b4 $146 {C11: French: Classical System: 4 e5 and 4 Bg5 dxe4} (9... Qb6 10. Qf2 cxd4 11. Nxd4 Bc5 12. Nce2 b4 13. O-O a5 14. Rac1 O-O 15. c3 Ba6 16. Bxa6 Rxa6 17. c4 {0-1 (35) Svetushkin,D (2580)-Svane,R (2595) Batumi 2018}) 10. Na4 {[%cal Rd4c5]} c4 11. Be2 c3 {The position is equal.} 12. Qc1 ({Don't play} 12. bxc3 Qa5 $17) 12... cxb2 13. Qxb2 Be7 14. O-O O-O 15. Bd3 a5 16. Qb3 (16. Rfc1 $11) 16... Ba6 17. Rac1 Nb6 {[#] ...Bc4 is the strong threat.} 18. Bxa6 Rxa6 19. Nxb6 Rxb6 20. h3 g6 21. g4 {Accuracy: White = 24%, Black = 56%.} 1/2-1/2

[Event "Montebelluna Elite 2020"]
[Site "Montebelluna"]
[Date "2020.01.04"]
[Round "5.4"]
[White "Raja Rithvik R"]
[Black "Delchev, Aleksander"]
[Result "1/2-1/2"]
[WhiteElo "2412"]
[BlackElo "2550"]
[Annotator "TA"]
[PlyCount "64"]
[EventDate "2020.01.02"]
[EventType "swiss"]
[EventCountry "ITA"]
[SourceTitle "playchess.com"]
[Source "ChessBase"]
[SourceQuality "1"]

{[%evp 14,64,0,0,0,0,0,-8,-7,-16,-7,-12,-4,-13,-8,-20,0,0,0,0,0,0,0,0,0,-41,-49,-78,-34,-39,-20,-20,-17,-21,-15,-16,0,0,0,-10,0,-21,0,-12,0,0,0,0,0,0,0,0,0]} 1. Nf3 d5 2. d4 e6 3. c4 c6 4. Qc2 Nf6 5. g3 dxc4 6. Qxc4 b5 7. Qb3 Bb7 8. Bg2 a6 {D30: Queen's Gambit Declined: Systems without Nc3} 9. a4 c5 10. dxc5 (10. axb5 c4 11. Qd1 axb5 12. Rxa8 Bxa8 13. O-O Be7 14. b3 cxb3 15. Qxb3 b4 16. Bb2 {½-½ (38) Caruana,F (2822)-Aronian,L (2767) Saint Louis 2018}) 10... Nbd7 11. Be3 Nxc5 12. Bxc5 Bxc5 13. O-O O-O $146 ({Predecessor:} 13... Bd5 14. Qd1 Ne4 15. Nbd2 Nxd2 16. Nxd2 Bxg2 17. Kxg2 {0-1 (43) Andrade Fiaes,M (2151)-Macedo,M (2323) Joao Pessoa 2015}) 14. axb5 Qb6 15. Nc3 Ng4 16. e3 {Hoping for Na4.} axb5 {Strongly threatening ...Bxe3!} 17. Rxa8 Rxa8 18. Qxb5 {[#]} Bxe3 $1 {[%mdl 512]} 19. Qxb6 (19. fxe3 {is more complex.} Qxe3+ 20. Kh1 Nf2+ 21. Kg1 Nd3+ 22. Kh1) 19... Bxb6 20. Nd2 Bxg2 (20... Rd8 {with more complications.} 21. Nde4 Rd3 22. Na4 Bd4 23. Nec5 Bxg2 24. Nxd3 Bxf1 25. Kxf1 Nxh2+ 26. Ke2 Ng4) 21. Kxg2 Rb8 22. b3 {The position is equal.} Rd8 23. Nde4 f5 24. h3 fxe4 (24... Ne5 {feels hotter.} 25. Na4 Ba7 26. Nec5 Kf7 27. Rc1 Kf6) 25. hxg4 $11 {[%mdl 4096] Endgame KRB-KRN} e3 26. Na4 Ba7 27. fxe3 Rd3 28. b4 Rxe3 29. Rd1 {[#] Threatens to win with Rd8+.} Re2+ 30. Kf3 Rf2+ 31. Ke4 Re2+ 32. Kd3 Re5 {Accuracy: White = 57%, Black = 50%.} 1/2-1/2

[Event "Montebelluna Elite 2020"]
[Site "Montebelluna"]
[Date "2020.01.04"]
[Round "5.5"]
[White "Zanan, Evgeny"]
[Black "Nikolovski, Nikola"]
[Result "1/2-1/2"]
[WhiteElo "2503"]
[BlackElo "2442"]
[Annotator "ChessBase"]
[PlyCount "78"]
[EventDate "2020.01.02"]
[EventType "swiss"]
[EventCountry "ITA"]
[SourceTitle "playchess.com"]
[Source "ChessBase"]
[SourceQuality "1"]
[TimeControl "5400+30"]

1. d4 {[%emt 0:17:31]} e6 {[%emt 0:00:00]} 2. e4 {[%emt 0:00:12]} d5 {[%emt 0:00:20]} 3. Nc3 {[%emt 0:00:05]} Bb4 {[%emt 0:00:31]} 4. e5 {[%emt 0:00:06]} b6 {[%emt 0:00:30]} 5. Qg4 {[%emt 0:00:19]} Bf8 {[%emt 0:00:42]} 6. Bg5 {[%emt 0:00:16]} Qd7 {[%emt 0:01:13]} 7. O-O-O {[%emt 0:00:17]} h6 {[%emt 0:06:45]} 8. Be3 {[%emt 0:02:58]} Ne7 {[%emt 0:02:52]} 9. Nh3 {[%emt 0:02:19]} Ba6 {[%emt 0:06:04]} 10. Bxa6 {[%emt 0:06:34]} Nxa6 {[%emt 0:00:24]} 11. Qe2 {[%emt 0:00:07]} Nb4 {[%emt 0:03:06]} 12. Nf4 {[%emt 0:02:12]} O-O-O {[%emt 0:13:26]} 13. Nh5 {[%emt 0:03:34]} Kb7 {[%emt 0:01:33]} 14. g4 {[%emt 0:00:43]} Nec6 {[%emt 0:03:17]} 15. a3 {[%emt 0:06:13]} Na6 {[%emt 0:00:35]} 16. Qb5 {[%emt 0:00:38]} Qc8 {[%emt 0:03:36]} 17. Kb1 {[%emt 0:11:42]} Na5 {[%emt 0:01:00]} 18. Qe2 {[%emt 0:00:10]} Ka8 {[%emt 0:07:38]} 19. f4 {[%emt 0:05:04]} c5 {[%emt 0:03:08]} 20. dxc5 {[%emt 0:03:44]} bxc5 {[%emt 0:03:06]} 21. Qb5 {[%emt 0:00:12]} Nc4 {[%emt 0:01:36]} 22. Bc1 {[%emt 0:00:06]} Rd7 {[%emt 0:00:59]} 23. Ka1 {[%emt 0:06:00]} Nb8 {[%emt 0:00:49]} 24. f5 {[%emt 0:04:13]} Rb7 {[%emt 0:07:13]} 25. Qa4 {[%emt 0:01:03]} Nc6 {[%emt 0:00:36]} 26. b3 {[%emt 0:09:54]} N4xe5 {[%emt 0:03:15]} 27. fxe6 {[%emt 0:00:41]} fxe6 {[%emt 0:00:09]} 28. Bb2 {[%emt 0:00:40]} d4 {[%emt 0:03:34]} 29. Ne4 {[%emt 0:00:41]} Nxg4 {[%emt 0:01:26]} 30. Nf4 {[%emt 0:00:48]} Nf6 {[%emt 0:04:49]} 31. Rhe1 {[%emt 0:00:59]} Ne5 {[%emt 0:09:38]} 32. Nxf6 {[%emt 0:06:27]} gxf6 {[%emt 0:00:05]} 33. Qa6 {[%emt 0:00:03]} Be7 {[%emt 0:09:04]} 34. Qxe6 {[%emt 0:00:57]} Qxe6 {[%emt 0:02:14]} 35. Nxe6 {[%emt 0:00:06]} Rg8 {[%emt 0:00:06]} 36. Rg1 {[%emt 0:00:43]} Rbb8 {[%emt 0:00:40]} 37. Nc7+ {[%emt 0:01:03]} Kb7 {[%emt 0:00:03]} 38. Nd5 {[%emt 0:00:02]} Nc6 {[%emt 0:00:39]} 39. c3 {[%emt 0:02:22]} Bd6 {[%emt 0:01:18]} 1/2-1/2

[Event "Montebelluna Elite 2020"]
[Site "Montebelluna"]
[Date "2020.01.04"]
[Round "5.6"]
[White "Morozov, Nichita"]
[Black "Radovanovic, Mihajlo"]
[Result "0-1"]
[WhiteElo "2388"]
[BlackElo "2485"]
[Annotator "ChessBase"]
[PlyCount "72"]
[EventDate "2020.01.02"]
[EventType "swiss"]
[EventCountry "ITA"]
[SourceTitle "playchess.com"]
[Source "ChessBase"]
[SourceQuality "1"]
[TimeControl "5400+30"]

1. d4 {[%emt 0:08:18]} Nf6 {[%emt 0:00:00]} 2. c4 {[%emt 0:00:02]} g6 {[%emt 0:00:00]} 3. Nc3 {[%emt 0:00:05]} Bg7 {[%emt 0:00:00]} 4. e4 {[%emt 0:00:01]} O-O {[%emt 0:00:10]} 5. Be2 {[%emt 0:00:05]} d6 {[%emt 0:00:19]} 6. h4 {[%emt 0:00:03]} c5 {[%emt 0:03:38]} 7. d5 {[%emt 0:07:05]} e6 {[%emt 0:00:13]} 8. h5 {[%emt 0:02:40]} exd5 {[%emt 0:00:19]} 9. exd5 {[%emt 0:05:27]} Re8 {[%emt 0:00:28]} 10. hxg6 {[%emt 0:04:47]} hxg6 {[%emt 0:00:14]} 11. Kf1 {[%emt 0:04:12]} Ne4 {[%emt 0:02:49]} 12. Nxe4 {[%emt 0:06:32]} Rxe4 {[%emt 0:00:02]} 13. Qb3 {[%emt 0:04:11]} Rh4 {[%emt 0:12:01]} 14. Rxh4 {[%emt 0:00:35]} Qxh4 {[%emt 0:00:02]} 15. Nf3 {[%emt 0:18:21]} Qh1+ {[%emt 0:01:52]} 16. Ng1 {[%emt 0:02:56]} Be5 {[%emt 0:06:36]} 17. f4 {[%emt 0:03:04]} Bd4 {[%emt 0:00:51]} 18. Be3 {[%emt 0:00:09]} Na6 {[%emt 0:01:10]} 19. Re1 {[%emt 0:07:58]} Bxe3 {[%emt 0:05:30]} 20. Qxe3 {[%emt 0:01:15]} Nb4 {[%emt 0:00:34]} 21. Qe8+ {[%emt 0:02:16]} Kg7 {[%emt 0:00:01]} 22. Qe7 {[%emt 0:02:44]} Bf5 {[%emt 0:09:04]} 23. Rc1 {[%emt 0:05:15]} Qh2 {[%emt 0:02:51]} 24. Qxd6 {[%emt 0:02:30]} Re8 {[%emt 0:00:10]} 25. Rc3 {[%emt 0:01:15]} Be4 {[%emt 0:11:46]} 26. Bf3 {[%emt 0:05:10]} Bd3+ {[%emt 0:00:46]} 27. Kf2 {[%emt 0:06:34]} Qh4+ {[%emt 0:00:24]} 28. g3 {[%emt 0:00:00]} Qh2+ {[%emt 0:00:04]} 29. Bg2 {[%emt 0:00:00]} Re1 {[%emt 0:00:08]} 30. Qe5+ {[%emt 0:00:00]} Rxe5 {[%emt 0:00:08]} 31. fxe5 {[%emt 0:00:00]} Be4 {[%emt 0:02:52]} 32. Nf3 {[%emt 0:00:00]} Qh5 {[%emt 0:01:43]} 33. Re3 {[%emt 0:00:00]} Qf5 {[%emt 0:01:13]} 34. d6 {[%emt 0:00:00]} Bxf3 {[%emt 0:02:10]} 35. Bxf3 {[%emt 0:00:00]} Nd3+ {[%emt 0:00:11]} 36. Kg2 {[%emt 0:00:00]} Nxe5 {[%emt 0:00:09]} 0-1

[Event "Montebelluna Elite 2020"]
[Site "Montebelluna"]
[Date "2020.01.04"]
[Round "5.7"]
[White "Barseghyan, Harutyun"]
[Black "Can, Isik"]
[Result "1-0"]
[WhiteElo "2459"]
[BlackElo "2374"]
[Annotator "ChessBase"]
[PlyCount "83"]
[EventDate "2020.01.02"]
[EventType "swiss"]
[EventCountry "ITA"]
[SourceTitle "playchess.com"]
[Source "ChessBase"]
[SourceQuality "1"]
[TimeControl "5400+30"]

1. d4 {[%emt 0:00:00]} d5 {[%emt 0:00:27]} 2. Nf3 {[%emt 0:00:00]} Nf6 {[%emt 0:00:06]} 3. Bf4 {[%emt 0:00:01]} c5 {[%emt 0:00:28]} 4. e3 {[%emt 0:00:10]} Nc6 {[%emt 0:02:26]} 5. Nbd2 {[%emt 0:00:10]} e6 {[%emt 0:02:00]} 6. c3 {[%emt 0:00:15]} Bd6 {[%emt 0:00:04]} 7. Bg3 {[%emt 0:00:05]} O-O {[%emt 0:00:08]} 8. Bb5 {[%emt 0:00:34]} Ne7 {[%emt 0:13:55]} 9. Bd3 {[%emt 0:02:35]} cxd4 {[%emt 0:04:15]} 10. exd4 {[%emt 0:00:57]} b6 {[%emt 0:00:28]} 11. O-O {[%emt 0:01:48]} Bb7 {[%emt 0:00:59]} 12. Re1 {[%emt 0:00:29]} Bxg3 {[%emt 0:02:00]} 13. hxg3 {[%emt 0:00:55]} Nc8 {[%emt 0:00:18]} 14. Ne5 {[%emt 0:03:12]} Nd6 {[%emt 0:00:25]} 15. f3 {[%emt 0:01:39]} g6 {[%emt 0:04:25]} 16. Kf2 {[%emt 0:03:11]} Nd7 {[%emt 0:08:20]} 17. Qe2 {[%emt 0:01:21]} Qe7 {[%emt 0:07:37]} 18. Nxd7 {[%emt 0:17:55]} Qxd7 {[%emt 0:00:15]} 19. g4 {[%emt 0:01:04]} Rae8 {[%emt 0:10:31]} 20. g5 {[%emt 0:00:38]} f6 {[%emt 0:08:45]} 21. gxf6 {[%emt 0:00:20]} Rxf6 {[%emt 0:00:02]} 22. Qe5 {[%emt 0:01:27]} Ref8 {[%emt 0:00:14]} 23. Re3 {[%emt 0:08:09]} Ne8 {[%emt 0:05:04]} 24. Rae1 {[%emt 0:01:38]} Ng7 {[%emt 0:00:23]} 25. Nf1 {[%emt 0:02:33]} Nf5 {[%emt 0:14:33]} 26. R3e2 {[%emt 0:25:44]} Qg7 {[%emt 0:01:16]} 27. Nh2 {[%emt 0:02:46]} h5 {[%emt 0:02:23]} 28. Bxf5 {[%emt 0:00:46]} gxf5 {[%emt 0:00:30]} 29. f4 {[%emt 0:00:37]} h4 {[%emt 0:01:00]} 30. Re3 {[%emt 0:00:23]} R8f7 {[%emt 0:01:11]} 31. Rh3 {[%emt 0:01:24]} Rg6 {[%emt 0:00:37]} 32. Qxg7+ {[%emt 0:00:18]} Rfxg7 {[%emt 0:00:01]} 33. Rg1 {[%emt 0:00:25]} Rh6 {[%emt 0:02:56]} 34. Nf3 {[%emt 0:02:11]} Rg4 {[%emt 0:01:56]} 35. Ke3 {[%emt 0:00:04]} Ba6 {[%emt 0:00:58]} 36. g3 {[%emt 0:03:00]} Rhg6 {[%emt 0:01:28]} 37. Nxh4 {[%emt 0:00:30]} Rh6 {[%emt 0:00:41]} 38. Rh2 {[%emt 0:01:20]} Bc4 {[%emt 0:00:08]} 39. b3 {[%emt 0:00:12]} Ba6 {[%emt 0:00:20]} 40. Nf3 {[%emt 0:00:16]} Rxh2 {[%emt 0:00:03]} 41. Nxh2 {[%emt 0:00:05]} Rg7 {[%emt 0:00:05]} 42. g4 {[%emt 0:01:23]} 1-0

[Event "Montebelluna Elite 2020"]
[Site "Montebelluna"]
[Date "2020.01.04"]
[Round "5.8"]
[White "Gokerkan, Cem Kaan"]
[Black "O`Gorman, Tom"]
[Result "1-0"]
[WhiteElo "2458"]
[BlackElo "2245"]
[Annotator "RC"]
[PlyCount "159"]
[EventDate "2020.01.02"]
[EventType "swiss"]
[EventCountry "ITA"]
[SourceTitle "playchess.com"]
[Source "ChessBase"]
[SourceQuality "1"]
[TimeControl "5400+30"]

1. e4 {[%emt 0:14:52]} c5 {[%emt 0:00:00]} 2. Nc3 {[%emt 0:00:06]} d6 {[%emt 0:00:00]} 3. d4 {[%emt 0:03:16]} cxd4 {[%emt 0:00:00]} 4. Qxd4 {[%emt 0:00:03]} Nc6 {[%emt 0:00:00]} 5. Qd2 {[%emt 0:00:04]} g6 {[%emt 0:00:05]} 6. b3 {[%emt 0:00:04]} Bh6 {[%emt 0:00:23]} 7. f4 {[%emt 0:00:21]} e5 {[%emt 0:00:11]} 8. Nb5 {[%emt 0:02:20]} Bxf4 {[%emt 0:15:54]} 9. Qxd6 {[%emt 0:01:17]} Qxd6 {[%emt 0:02:44]} 10. Nxd6+ {[%emt 0:00:02]} Kf8 {[%emt 0:00:28]} 11. Bxf4 {[%emt 0:11:55]} exf4 {[%emt 0:00:07]} 12. O-O-O {[%emt 0:02:43]} Nf6 {[%emt 0:02:16]} 13. Bb5 {[%emt 0:14:52]} Ng4 {[%emt 0:09:39]} 14. Rf1 {[%emt 0:03:55]} Ke7 {[%emt 0:07:17]} 15. Bxc6 {[%emt 0:00:55]} Kxd6 {[%emt 0:01:25]} 16. Bd5 {[%emt 0:00:02]} g5 {[%emt 0:02:28]} 17. h4 {[%emt 0:00:17]} Ne3 {[%emt 0:03:43]} 18. Rf2 {[%emt 0:00:10]} g4 {[%emt 0:01:23]} 19. Rxf4 {[%emt 0:04:48]} f5 {[%emt 0:00:39]} 20. g3 {[%emt 0:02:28]} Re8 {[%emt 0:10:41]} 21. Kd2 {[%emt 0:00:41]} Ng2 {[%emt 0:01:39]} 22. Rf2 {[%emt 0:01:47]} fxe4 {[%emt 0:00:08]} 23. Bxe4 {[%emt 0:00:29]} Rxe4 {[%emt 0:00:18]} 24. Rxg2 {[%emt 0:00:01]} Bf5 {[%emt 0:00:14]} 25. Ne2 {[%emt 0:01:53]} Rd8 {[%emt 0:00:48]} 26. c3 {[%emt 0:02:59]} Kc7+ {[%emt 0:06:40]} 27. Nd4 {[%emt 0:00:22]} b5 {[%emt 0:01:23]} 28. Re1 {[%emt 0:00:46]} b4 {[%emt 0:01:30]} 29. Rxe4 {[%emt 0:00:08]} Bxe4 {[%emt 0:00:01]} 30. Re2 {[%emt 0:00:08]} Bg6 {[%emt 0:00:10]} 31. Re5 {[%emt 0:08:00]} a6 {[%emt 0:03:37]} 32. Rc5+ {[%emt 0:02:01]} Kb7 {[%emt 0:00:35]} 33. Rg5 {[%emt 0:14:15]} bxc3+ {[%emt 0:00:54]} 34. Kxc3 {[%emt 0:00:01]} Rc8+ {[%emt 0:00:25]} 35. Kd2 {[%emt 0:01:06]} Rd8 {[%emt 0:00:27]} 36. Rxg4 {[%emt 0:00:16]} Kb6 {[%emt 0:00:56]} 37. Kc3 {[%emt 0:01:25]} Rc8+ {[%emt 0:01:07]} 38. Kb2 {[%emt 0:01:28]} Re8 {[%emt 0:01:00]} 39. Rf4 {[%emt 0:00:46]} Re3 {[%emt 0:00:33]} 40. g4 {[%emt 0:00:23]} Rg3 {[%emt 0:00:22]} 41. a4 {[%emt 0:01:59]} Kc5 {[%emt 0:02:16]} 42. Nf5 {[%emt 0:02:42]} Rh3 {[%emt 0:00:36]} 43. h5 {[%emt 0:00:56]} Bf7 {[%emt 0:00:42]} 44. b4+ {[%emt 0:00:41]} Kb6 {[%emt 0:00:18]} 45. Nd4 {[%emt 0:00:10]} Bd5 {[%emt 0:00:41]} 46. Rf5 {[%emt 0:00:33]} Rh2+ {[%emt 0:00:54]} 47. Kc3 {[%emt 0:00:06]} Rh3+ {[%emt 0:00:06]} 48. Kd2 {[%emt 0:00:38]} Be4 {[%emt 0:01:13]} 49. Rf6+ {[%emt 0:00:06]} Kb7 {[%emt 0:00:06]} 50. Rf4 {[%emt 0:01:17]} Bd5 {[%emt 0:00:46]} 51. Rf5 {[%emt 0:00:16]} Bc4 {[%emt 0:01:18]} 52. Rf3 {[%emt 0:00:18]} Rh2+ {[%emt 0:00:26]} 53. Kc3 {[%emt 0:01:18]} Bd5 {[%emt 0:00:08]} 54. Rf4 {[%emt 0:01:02]} Rh3+ {[%emt 0:00:29]} 55. Kd2 {[%emt 0:00:11]} Rh2+ {[%emt 0:02:34]} 56. Ke3 {[%emt 0:00:02]} Rb2 {[%emt 0:00:09]} 57. Nf5 {[%emt 0:00:35]} Rb3+ {[%emt 0:02:08]} 58. Kf2 {[%emt 0:01:01]} a5 {[%emt 0:02:20]} 59. bxa5 {[%emt 0:00:22]} Ka6 {[%emt 0:00:22]} 60. Ne3 {[%emt 0:00:27]} Rb2+ {[%emt 0:00:33]} 61. Kg3 {[%emt 0:00:06]} Ba2 {[%emt 0:00:17]} 62. Kh4 {[%emt 0:00:31]} Re2 {[%emt 0:01:15]} 63. Nc4 {[%emt 0:00:56]} Rc2 {[%emt 0:00:13]} 64. Rf6+ {[%emt 0:00:05]} Ka7 {[%emt 0:01:22]} 65. Na3 {[%emt 0:00:15]} Rc8 {[%emt 0:00:58]} 66. Nb5+ {[%emt 0:00:29]} Ka8 {[%emt 0:00:16]} 67. Ra6+ {[%emt 0:00:23]} Kb8 {[%emt 0:00:06]} 68. Rb6+ {[%emt 0:00:03]} Ka8 {[%emt 0:00:06]} 69. Ra6+ {[%emt 0:00:09]} Kb8 {[%emt 0:00:05]} 70. Rb6+ {[%emt 0:00:02]} Ka8 {[%emt 0:00:07]} 71. a6 {[%emt 0:00:01]} Bd5 {[%emt 0:01:27]} 72. Kg5 {[%emt 0:00:40]} Rg8+ {[%emt 0:00:28]} 73. Kh6 {[%emt 0:00:43]} Be4 {[%emt 0:01:09]} 74. g5 {[%emt 0:01:43]} Rc8 {[%emt 0:00:31]} 75. a7 {[%emt 0:00:30]} Bc2 {[%emt 0:02:00]} 76. Rb8+ {[%emt 0:01:15]} Rxb8 {[%emt 0:00:06]} 77. axb8=R+ {[%emt 0:02:34]} Kxb8 {[%emt 0:00:13]} 78. Nc3 {[%emt 0:00:00]} Kc7 {[%emt 0:00:51]} 79. g6 {[%emt 0:00:00]} hxg6 {[%emt 0:00:10]} 80. hxg6 {[%emt 0:00:00]} 1-0

[Event "Montebelluna Elite 2020"]
[Site "Montebelluna"]
[Date "2020.01.04"]
[Round "5.9"]
[White "Rahul Srivatshav P"]
[Black "Pang, Tao"]
[Result "1-0"]
[WhiteElo "2444"]
[BlackElo "2367"]
[Annotator "TA"]
[PlyCount "79"]
[EventDate "2020.01.02"]
[EventType "swiss"]
[EventCountry "ITA"]
[SourceTitle "playchess.com"]
[Source "ChessBase"]
[SourceQuality "1"]

{[%evp 12,101,-2,-28,-28,-29,-12,-2,-14,-24,-27,-29,0,-4,14,-18,1,-18,30,-14,0,-43,-35,-54,0,0,0,13,44,77,39,56,140,0,35,32,99,123,344,339,424,398,376,348,466,458,447,430,510,510,459,302,409,390,543,564,565,552,539,540,498,249,218,197,897,867,5216,1198,1304,1293,1139,1070,1625,1592,12841,12841,12842,12843,12843,12843,12841,12840,12845,12845,12845,12845,12845,12846,29992,29990,29991,29990]} 1. Nf3 d5 2. g3 g6 3. c4 c6 4. Bg2 Bg7 5. O-O e5 6. d3 Ne7 7. Nc3 O-O {A07: Réti Opening: New York and Capablanca Systems} 8. Qc2 h6 (8... d4 9. Ne4 f5 10. Ned2 c5 11. b4 Nbc6 12. bxc5 e4 13. Ng5 h6 14. Ngxe4 fxe4 15. Nxe4 {0-1 (27) Petrosian,T (2598)-Cheparinov,I (2709) St Petersburg 2018}) 9. b4 $1 Be6 {The position is equal.} 10. Bb2 $146 ({Predecessor:} 10. Nd2 f5 11. Rb1 e4 12. dxe4 dxe4 13. Rd1 Qc7 14. e3 Nd7 15. Ne2 {0-1 (56) Kutlyarov,A (2190)-Gazizov,I (2065) Ufa 2006}) 10... Nd7 11. Nd2 f5 12. e3 g5 13. Ne2 Ng6 14. f4 gxf4 15. gxf4 Qb6 16. c5 Qxb4 17. Nb3 d4 (17... Rae8 $15) 18. fxe5 $11 dxe3 {Threatens to win with ...Qg4.} 19. Nbd4 Bd5 ({But not} 19... Bxe5 $2 20. Bc3 $18) 20. Bxd5+ cxd5 21. Bc3 $36 {[%mdl 2048] White is pushing.} Qxc5 ({Black should try} 21... Qa3 $14) 22. Ne6 (22. Nxf5 $16 Rxf5 23. Rxf5) 22... Qe7 (22... Qb6 $5 {[%cal Rb6e6]} 23. Nxf8 Rxf8 $11) 23. Nxf8 Rxf8 (23... Ndxf8 $14 24. Kh1 (24. Rxf5 Nh4 $11) 24... Qf7) 24. d4 $16 Qf7 $2 (24... Qe6 $16) 25. Bb4 $18 f4 {And now ...f3! would win.} 26. Bxf8 Ndxf8 27. Qc8 Kh7 {Black wants to play ...Ne6.} 28. Qg4 Ne6 29. h4 h5 30. Qxh5+ Bh6 31. Kh1 Qe7 32. Rab1 b6 33. Rbc1 Qxh4+ 34. Qxh4 Nxh4 35. Rc6 f3 {[#]} 36. Rxe6 (36. Rxf3 $142 $3 {[%mdl 512]} Nxf3 37. Rxe6) 36... fxe2 {[#]} 37. Re1 $1 {Strongly threatening Rd6.} Nf5 $2 {[#]} (37... Nf3 38. Rxe2 Bg5) 38. Rf6 $1 {[%cal Rf6f5]} Nxd4 39. e6 {White wants to mate with e7.} Kg7 {[#]} 40. Rxh6 {Played: e6-e7} 1-0

[Event "Montebelluna Elite 2020"]
[Site "Montebelluna"]
[Date "2020.01.04"]
[Round "5.10"]
[White "Ozenir, Ekin Baris"]
[Black "Sankalp Gupta"]
[Result "1/2-1/2"]
[WhiteElo "2285"]
[BlackElo "2400"]
[Annotator "ChessBase"]
[PlyCount "55"]
[EventDate "2020.01.02"]
[EventType "swiss"]
[EventCountry "ITA"]
[SourceTitle "playchess.com"]
[Source "ChessBase"]
[SourceQuality "1"]
[TimeControl "5400+30"]

1. d4 {[%emt 0:00:00]} Nf6 {[%emt 0:08:53]} 2. Bg5 {[%emt 0:00:00]} e6 {[%emt 0:00:49]} 3. e4 {[%emt 0:02:47]} h6 {[%emt 0:00:20]} 4. Bxf6 {[%emt 0:00:13]} Qxf6 {[%emt 1:21:58]} 5. Nf3 {[%emt 1:29:30]} c5 {[%emt 0:00:30]} 6. c3 {[%emt 0:00:30]} cxd4 {[%emt 0:00:30]} 7. cxd4 {[%emt 0:00:30]} Bb4+ {[%emt 0:00:30]} 8. Nc3 {[%emt 0:00:30]} O-O {[%emt 0:00:30]} 9. Bd3 {[%emt 0:00:30]} d6 {[%emt 0:00:30]} 10. Qb3 {[%emt 0:00:30]} Nc6 {[%emt 0:00:30]} 11. O-O {[%emt 0:00:30]} Bxc3 {[%emt 0:00:00]} 12. Qxc3 {[%emt 0:00:30]} e5 {[%emt 0:01:00]} 13. d5 {[%emt 0:00:30]} Ne7 {[%emt 0:00:30]} 14. Rfc1 {[%emt 0:00:30]} h5 {[%emt 0:00:30]} 15. Qd2 {[%emt 0:00:30]} Bg4 {[%emt 0:00:30]} 16. Qg5 {[%emt 0:00:30]} Bxf3 {[%emt 0:00:30]} 17. Qxf6 {[%emt 0:00:30]} gxf6 {[%emt 0:00:30]} 18. gxf3 {[%emt 0:00:30]} Rfc8 {[%emt 0:00:30]} 19. Kg2 {[%emt 0:00:30]} Ng6 {[%emt 0:00:30]} 20. Bb5 {[%emt 0:00:30]} Kh8 {[%emt 0:00:30]} 21. Kf1 {[%emt 0:00:30]} Nf4 {[%emt 0:00:30]} 22. Ke1 {[%emt 0:00:30]} a6 {[%emt 0:00:30]} 23. Bf1 {[%emt 0:00:30]} Kg7 {[%emt 0:00:30]} 24. Kd2 {[%emt 0:00:30]} Kh6 {[%emt 0:00:30]} 25. b4 {[%emt 0:00:00]} Kg7 {[%emt 0:00:00]} 26. a4 {[%emt 0:00:00]} Kf8 {[%emt 0:01:00]} 27. Rxc8+ {[%emt 0:01:30]} Rxc8 {[%emt 0:00:30]} 28. Rc1 {[%emt 0:00:00]} 1/2-1/2